00959nam a22002777a 4500003000400000005001600004007000400020008004100024010002000065024001000085035002000095040001300115245009000128260002000218300005600238440002000294500006500314538003200379538015800411650001900569700001700588700002300605700001600628700001800644700001900662dpl2010032200170.0DVD050907s2005 cau105 g 00| 0 eng d aDVD-007193-7201 c69.00 aDVD-007193-7201 aDPLcDPL aHuman Natureh[videorecording] DVD /cDiskovery Video & laser Co. Pvt. Ltd. Presents bDiskovery Video a2 videocassette (VCD);bsd., col. ;c4-3/4 in.fVCD aDiskovery Video aWorld wide Winner - 2 Awards: Best Producer, Best Screenplay aDolby digital 5.1, English  aThis is a Videio CD with digital audio, full Motion video and Play Back Controls Suitable for Video CD, LD, DVD Player and Multimedia PCs with MPEG card. aMotion Picture aRobbins, Tim aArquette, Patricia aIfans, Rhys aOtto, Mirands aCondry, Michel